000 00400nam a2200169Ia 4500
005 20240921143918.0
008 240921s9999||||xx |||||||||||||| ||und||
041 _aENGLISH
082 _A621.382 P5
100 _aRappaport,Theodore S
245 0 _aWireless Communications
250 _a2nd
260 _c2005
_bKeerthi,Coimb
650 _aWireless
_bElectronics
942 _cBB
999 _c248756
_d248756